000 00312nam a2200121Ia 4500
008 241002s9999 xx 000 0 und d
082 _a954 CHA
100 _aCharles R. Moore
245 4 _aThe Indian Mind Essentials of Indian Philosophy and Culture
260 _aN/A
_cN/A
600 _aPhilosophy
942 _cUC
999 _c18983
_d18983